000 00488nam a2200181Ia 4500
001 21476
005 20260306172922.0
008 260306t2011||||xx |||||||||||||| ||spa||
041 _aESP
082 _a345.1
_bA93
100 _aAyala Miranda, Erika
_eAUT
245 0 _aManual de litigación en lavado de activos:
_btendencias acusatorias y resolutivas vigentes
260 _c2011
300 _a533 pƔginas :
_c24 cm.
650 _aGEN
654 _aCDE
942 _cLIB
_dJUS
_fJUS
_2ddc
_n
999 _c21476
_d21476